| 000 | 10756nam a22002297a 4500 | ||
|---|---|---|---|
| 005 | 20110411160439.0 | ||
| 020 |
_a818263427x _c15.00 |
||
| 037 |
_aDPL _bBlueberry |
||
| 082 | _aS | ||
| 100 |
_aChaturvedi, Pankaj _927232 |
||
| 245 | r |
_aJoy / _c by Pankaj Chaturvedi ; illustrated by Ajit Narayan ; translated by Manisha Chaudhry |
|
| 250 | _a3rd | ||
| 260 |
_aNew Delhi _bPratham Books _c2010 |
||
| 270 |
_a633-634,4th "C" Main,6th 'B' Cross, OMBR Layout Banaswadi, _bBangalore _e560043 _k911141042483 (New Delhi) |
||
| 300 |
_a12p. _bill. _c23cm.(pbk) |
||
| 700 |
_aNarayan, Ajit _927199 |
||
| 700 |
_aChaudhry, Manisha _927233 |
||
| 700 |
_aChaudhry, Manisha _927230 |
||
| 700 |
_aChaudhry, Manisha _927206 |
||
| 942 |
_2ddc _cCH _hS _mCHA |
||
| 999 |
_c51547 _d51547 |
||